000 00859nam a2200349Ia 4500
005 20260514124407.0
008 008 261405s9999 xx 000 0 eng d
037 _aThesis
040 _aCRL
040 _beng
040 _cCRL
041 _2eng
041 _aeng
084 _qCRL
100 _aDr.Madhan Kumar
_91239802
245 0 _aSocio-Epidemiological Study of Hypertension Among Adults in a Rural Area of Delhi.
260 _aDelhi
260 _bUniversity of Delhi
260 _c2016
300 _a101p.
502 _bPh.D.
502 _cUniversity of Delhi
502 _d2016
541 _oThesis
650 _aMedicine
700 _aDr.Gajendra Singh Meena,
_91239803
700 _aDr.M.K.Daga
_91239671
700 _aDr.Rajesh Kumar
_91239804
710 _aMedicine
942 _cTH
999 _c1851804
_d1851804